000 00750nam a2200253 a 4500
003 OSt
005 20140310182829.0
008 100717s19uu xx 00 eng d
050 _aQE 26
_b.B352 2004
082 _aFIL 550.21
_bEa7 2004
100 _aCunningham, William P.
245 _aEarth Science /
_cBautista, Delfin C.
260 _bAcademe Publishing House, Inc.,
_c2004
_aMarikina City :
300 _ax, 537 p. :
_bill. ;
_c23 cm.
521 _aCollege Students
526 _c1210L-1700L
541 _j1
562 _e1
650 _aEnvironmental science
650 _aEarth- living planet
700 _aCunningham, Mary Ann
942 _2lcc
_cBK-FIL
_eFIL
999 _c16582
_d16582